Destinos de Singapore Airlines en un Mapa - Estadísticas

Estadísticas generales
  • Esta prueba ha sido intentada 11 veces
  • La puntuación promedio es 48 de 79
Respuestas en el mapa
Las respuestas están codificadas por una escala verde-roja en el mapa de la prueba según el % correcto abajo.
 
Estadísticas de respuestas
Región Destinos % Correcto
Europa Ámsterdam
100%
Europa Barcelona
100%
Europa Bruselas
100%
Estados Unidos Ciudad de Nueva York
100%
Europa Copenhague
100%
Asia - Oeste Dubái
100%
Asia - Oeste Estambul
100%
Europa Londres Gatwick
100%
Europa Londres Heathrow
100%
Europa Mánchester
100%
Europa París
100%
Asia - Norte Pekín Capital
100%
Europa Roma
100%
Pacífico suroeste Sídney
100%
Asia - Norte Tokio Haneda
100%
Asia - Norte Tokio Narita
100%
Pacífico suroeste Auckland
90%
Asia - Sudeste Bangkok
90%
África Ciudad del Cabo
90%
África Johannesburgo
90%
Asia - Sudeste Kuala Lumpur
90%
Estados Unidos Los Ángeles
90%
Asia - Sudeste Manila
90%
Europa Múnich
90%
Asia - Sudeste Singapur
90%
Asia - Sudeste Yakarta
90%
Asia - Suroeste Daca
80%
Asia - Sudeste Hanói
80%
Asia - Suroeste Malé
80%
Europa Milán
80%
Asia - Suroeste Nueva Delhi
80%
Asia - Norte Osaka
80%
Estados Unidos San Francisco
80%
Asia - Norte Seúl
80%
Europa Zúrich
80%
Asia - Sudeste Bandar Seri Begawan
70%
Asia - Suroeste Calcuta
70%
Asia - Suroeste Colombo
70%
Asia - Norte Hong Kong
70%
Pacífico suroeste Melbourne
70%
Asia - Suroeste Mumbai
70%
Pacífico suroeste Brisbane
60%
Estados Unidos Houston
60%
Asia - Norte Pekín Daxing
60%
Pacífico suroeste Perth
60%
Asia - Norte Shanghái
60%
Asia - Suroeste Bengaluru
50%
Asia - Norte Cantón
50%
Estados Unidos Seattle
50%
Pacífico suroeste Adelaida
40%
Asia - Norte Busán
40%
Asia - Sudeste Ciudad Ho Chi Minh
40%
Pacífico suroeste Darwin
40%
Asia - Sudeste Denpasar
40%
Asia - Suroeste Katmandú
40%
Asia - Norte Taipéi
40%
Asia - Norte Chengdu
30%
Pacífico suroeste Christchurch
30%
Asia - Norte Shenzhen
30%
Asia - Suroeste Ahmedabad
20%
Asia - Sudeste Cebú
20%
Asia - Suroeste Chennai
20%
Europa Fráncfort
20%
Asia - Norte Fukuoka
20%
Asia - Norte Nagoya
20%
Asia - Sudeste Siem Reap
20%
Asia - Sudeste Surabaya
20%
Asia - Sudeste Yangón
20%
Pacífico suroeste Cairns
10%
Asia - Norte Chongqing
10%
Asia - Sudeste Da Nang
10%
Asia - Suroeste Hyderabad
10%
Asia - Suroeste Kochi
10%
Asia - Sudeste Medan
10%
Estados Unidos Newark
10%
Asia - Sudeste Penang
10%
Asia - Sudeste Phnom Penh
10%
Asia - Sudeste Phuket
10%
Asia - Norte Xiamén
10%
No se encontraron pruebas coincidentes
Distribución de puntuación
Porcentaje de gente con cada puntuación
Porcentaje por número respondido
Historial de tus puntuaciones
No has intentado esta prueba.